[Event "ISR-chT"]
[Site "Israel"]
[Date "1999.04.23"]
[Round "9"]
[White "Zilberman, Yaacov"]
[Black "Dotan, Valeria"]
[Result "1-0"]
[WhiteElo "2513"]
[BlackElo "2065"]

1.d4 Nf6 2.c4 e6 3.Nc3 Bb4 4.Nf3 b6 5.Qb3 Qe7 6.Bg5 Bb7 7.e3 Bxc3+ 8.Qxc3 Ne4
9.Bxe7 Nxc3 10.Bh4 Ne4 11.Nd2 d6 12.Nxe4 Bxe4 13.f3 Bb7 14.Be2 a5 15.O-O Ba6
16.Rfd1 Nd7 17.b3 O-O 18.a3 e5 19.b4 exd4 20.exd4 Rfe8 21.Bd3 Re3 22.Bg5 Rxd3
23.Rxd3 Bxc4 24.Rc3 b5 25.bxa5 Rxa5 26.Bd8 Ra7 27.Re3 h5 28.Re8+ Kh7 29.Re7 c6
30.Rc1 Bd5 31.h4 Kg6 32.Kh2 Rb7 33.Ba5 Kf6 34.Rce1 Be6 35.Bd8 Kg6 36.Kg3 Kf5
37.Ba5 Kf6 38.Re8 Nb6 39.Bb4 Nc4 40.Kf4 Ra7 41.g4 Kg6 42.gxh5+ Kh7 43.Rd8 Ra4
44.Bxd6 Nxd6 45.Rxd6 c5 46.Re5 cxd4 47.Rxb5 d3+ 48.Kg3 Rxa3 49.Rd8 g6 50.hxg6+ Kxg6
51.Rd6 Kf6 52.Rbd5 Ra1 53.Rxd3 Rh1 54.R6d4 Kg7 55.Rd1 Rxd1 56.Rxd1 Bf5 57.Kf4 Bc2
58.Rg1+ Kf6 59.Rc1 Bd3 60.Rc6+ Kg7 61.Kg5 Bb1 62.f4 Ba2 63.Rc7 Bb3 64.f5 Ba2
65.h5 Bb3 66.h6+  1-0

[Event "BEL-chT9899"]
[Site "Antwerp"]
[Date "1999.04.??"]
[Round "11"]
[White "Krijgelmans, Johan"]
[Black "De Wachter, Matthias"]
[Result "1-0"]
[WhiteElo "2270"]
[BlackElo "2194"]

1.d4 Nf6 2.c4 e6 3.Nc3 Bb4 4.Nf3 c5 5.e3 Nc6 6.Bd3 Bxc3+ 7.bxc3 d6 8.e4 e5
9.h3 h6 10.O-O b6 11.Re1 O-O 12.Qe2 Nh7 13.dxc5 dxc5 14.Nh2 Nf6 15.Nf1 Ne8
16.Ne3 Nd6 17.Nd5 Na5 18.Qh5 Naxc4 19.Bxh6 gxh6 20.Qxh6 f6 21.Qg6+ Kh8 22.Qh6+ Kg8
23.Qg6+ Kh8 24.Bxc4 Nxc4 25.Rad1 Be6 26.Rd3 Rf7 27.Nf4 exf4 28.Rxd8+ Rxd8
29.e5 Nxe5 30.Rxe5 fxe5 31.Qh6+ Kg8 32.Qg5+ Kh7 33.Qxd8 f3 34.Qh4+ Kg7 35.gxf3 Rxf3
36.Qg5+ Kf8 37.Qxe5 Ke7 38.h4 Rh3 39.h5 Kf7 40.Qg5 Rxc3 41.Qg6+ Kf8 42.Qf6+  1-0

[Event "Guillermo Garcia mem-B"]
[Site "Santa Clara"]
[Date "1999.05.04"]
[Round "10"]
[White "Alzate, Dario"]
[Black "Del Rio Angelis, S."]
[Result "1-0"]
[WhiteElo "2417"]
[BlackElo "2408"]

1.d4 e6 2.c4 Nf6 3.Nc3 Bb4 4.Nf3 b6 5.Qc2 Bb7 6.a3 Bxc3+ 7.Qxc3 Ne4 8.Qc2 O-O
9.b3 f5 10.e3 d6 11.Bb2 Nd7 12.Be2 Ndf6 13.O-O Ng4 14.h3 Nh6 15.Nd2 Qg5 16.d5 Rae8
17.Rad1 Qg6 18.Nf3 Nf7 19.b4 Qh6 20.Nd4 Nfg5 21.f4 Nxh3+ 22.gxh3 Qxh3 23.Rf3 Qg4+
24.Kh2 Qh4+ 25.Kg2 Rf6 26.Rg1 e5 27.fxe5 dxe5 28.Nxf5 Rxf5 29.Rxf5 Bc8 30.Rf3 Rf8
31.Rxf8+ Kxf8 32.Rf1+ Kg8 33.Rf3 Qg5+ 34.Kf1 Qh4 35.Kg2 Qg5+ 36.Kf1 Qh4 37.Bd3 Qh1+
38.Ke2 Ng5 39.Rf1 Qh3 40.Kd2  1-0

[Event "Tel Aviv super 1st"]
[Site "Tel Aviv "]
[Date "1999.05.13"]
[Round "3"]
[White "Alterman, Boris"]
[Black "Psakhis, Lev"]
[Result "1/2-1/2"]
[WhiteElo "2615"]
[BlackElo "2560"]

1.d4 Nf6 2.c4 e6 3.Nc3 Bb4 4.Nf3 O-O 5.Bg5 c5 6.Rc1 cxd4 7.Nxd4 Nc6 8.e3 Be7
9.Be2 d6 10.Ndb5 Ne8 11.Bxe7 Nxe7 12.Ne4 d5 13.cxd5 Nxd5 14.O-O Bd7 15.Qb3 Qb6
16.Nd4 Nef6 17.Nc5 Rab8 18.Qxb6 axb6 19.Nxd7 Nxd7 20.Bf3 N7f6 21.Rfd1 Rfc8
22.a3 Kf8 23.g3 Rc5 24.b4 Rc7 25.Nb5 Rc6 26.Na7 Rc7 27.Nb5 Rc6 28.Nd4 Rc7
29.Rxc7 Nxc7 30.Rc1 Nfe8 31.h4 g6 32.Kg2 e5 33.Ne2 f5 34.Nc3 e4 35.Be2 Ra8
36.a4 Rd8 37.Nb5 Nd5 38.Nd4 Ra8 39.Bb5 Nef6  1/2-1/2

[Event "Tel Aviv super 1st"]
[Site "Tel Aviv "]
[Date "1999.05.14"]
[Round "4"]
[White "Alterman, Boris"]
[Black "Huzman, Alexander"]
[Result "1/2-1/2"]
[WhiteElo "2615"]
[BlackElo "2575"]

1.d4 Nf6 2.c4 e6 3.Nc3 Bb4 4.Nf3 c5 5.g3 cxd4 6.Nxd4 O-O 7.Bg2 d5 8.cxd5 Nxd5
9.Bd2 Nb6 10.Nc2 Be7 11.O-O Nc6 12.b3 e5 13.Be3 Be6 14.Qxd8 Rfxd8 15.Rfd1 Rac8
16.Bxb6 axb6 17.Nd5 Bc5 18.b4 Bxd5 19.Rxd5 Rxd5 20.Bxd5  1/2-1/2

[Event "Tel Aviv super 1st"]
[Site "Tel Aviv "]
[Date "1999.05.16"]
[Round "6"]
[White "Alterman, Boris"]
[Black "Gelfand, Boris"]
[Result "1/2-1/2"]
[WhiteElo "2615"]
[BlackElo "2690"]

1.d4 Nf6 2.c4 e6 3.Nc3 Bb4 4.Nf3 b6 5.Qb3 c5 6.Bg5 Bb7 7.Rd1 O-O 8.e3 cxd4
9.exd4 Bxc3+ 10.bxc3 Qc7 11.Bxf6 Bxf3 12.gxf3 gxf6 13.Qc2 Qf4 14.Qe4 Qxe4+  1/2-1/2

[Event "Santo Antonio"]
[Site "Santo Antonio"]
[Date "1999.05.20"]
[Round "6"]
[White "Pinheiro, Jose"]
[Black "Fernandes, Antonio"]
[Result "0-1"]
[WhiteElo "2272"]
[BlackElo "2438"]

1.d4 Nf6 2.c4 e6 3.Nc3 Bb4 4.Nf3 c5 5.e3 O-O 6.Bd3 b6 7.O-O Bb7 8.Qe2 d5
9.dxc5 bxc5 10.Rd1 Nbd7 11.Bd2 e5 12.Bf5 d4 13.exd4 exd4 14.Nd5 Nxd5 15.cxd5 Bxd2
16.Nxd2 Nf6 17.Qc4 g6 18.Bh3 Nxd5 19.g3 Qb6 20.Nb3 Nf4 21.gxf4 Qc6 22.f3 Qxf3
23.Qf1 Qh1+ 24.Kf2 Qxh2+ 25.Bg2 Rae8 26.Re1 Re3 27.Nxc5 Rf3+  0-1

[Event "Vidmar mem 13th"]
[Site "Portoroz"]
[Date "1999.06.20"]
[Round "7"]
[White "Stohl, Igor"]
[Black "Aronian, Levon"]
[Result "1/2-1/2"]
[WhiteElo "2573"]
[BlackElo "2502"]

1.d4 Nf6 2.c4 e6 3.Nc3 Bb4 4.Nf3 c5 5.g3 O-O 6.Bg2 cxd4 7.Nxd4 d5 8.cxd5 Nxd5
9.Bd2 Nxc3 10.bxc3 Be7 11.Rb1 Qd7 12.Bf4 Bf6 13.Nb5 a6 14.Qxd7 Nxd7 15.Nd6 Bxc3+
16.Kf1 Bf6 17.Nxb7 a5 18.Nd6 Rb8 19.Rxb8 Nxb8 20.Nc4 a4 21.Bf3 Ba6 22.Nb6 Bd4
23.Be3 Bxb6 24.Bxb6 Nd7 25.Bd4 Rc8 26.Kg2 Rc2 27.Rb1 a3 28.Rb4 Rc4  1/2-1/2

[Event "Budapest FS07 IM"]
[Site "Budapest"]
[Date "1999.07.04"]
[Round "2"]
[White "Krutti, Valer"]
[Black "Friedrichs, Klaus"]
[Result "1-0"]
[WhiteElo "2357"]
[BlackElo "2148"]

1.d4 Nf6 2.c4 e6 3.Nf3 Bb4+ 4.Nc3 b6 5.Bg5 h6 6.Bh4 g5 7.Bg3 Ne4 8.Qc2 Bb7
9.e3 Bxc3+ 10.bxc3 d6 11.Bd3 f5 12.d5 Nd7 13.Bxe4 fxe4 14.Qxe4 Qf6 15.O-O O-O-O
16.Qxe6 Qxe6 17.dxe6 Nc5 18.Nd2 Rde8 19.f3 Rxe6 20.e4 Ba6 21.Rab1 Rg8 22.Kf2 h5
23.Ke3 Nd7 24.h3 Ne5 25.Bxe5 dxe5 26.Kd3 Rc6 27.Rb4 Rd8+ 28.Kc2 Bb7 29.Rf2 Ba6
30.Re2 Kb7 31.Ra4 Rd7 32.Rb4 Kb8 33.Re1 Kb7 34.Re3 Kc8 35.Rd3 Rxd3 36.Kxd3 Rd6+
37.Kc2 Rc6 38.Rb1 Bxc4 39.Nxc4 Rxc4 40.Rb5 Rc5 41.Rxc5 bxc5 42.Kd3 Kd7 43.g3 Ke6
44.Kc4 Kd6 45.Kb5 Kd7 46.c4  1-0

[Event "Politiken Cup"]
[Site "Copenhagen"]
[Date "1999.07.05"]
[Round "3"]
[White "Rossen, Claus"]
[Black "Schneider, Stefan"]
[Result "0-1"]
[WhiteElo "2184"]
[BlackElo "2353"]

1.d4 Nf6 2.Nf3 e6 3.c4 Bb4+ 4.Nc3 c5 5.dxc5 O-O 6.Qc2 Bxc5 7.Bg5 Nc6 8.e3 b6
9.Be2 Bb7 10.O-O Be7 11.Rfd1 Ne8 12.Bf4 d6 13.e4 Qb8 14.a3 Nf6 15.b4 Nd7
16.Nb5 Nde5 17.Nxe5 dxe5 18.Be3 a6 19.Nc3 Nd4 20.Bxd4 exd4 21.Rxd4 Bf6 22.Rdd1 a5
23.Bd3 axb4 24.axb4 Rxa1 25.Rxa1 Rd8 26.Re1 Be5 27.g3 Qd6 28.Rd1 Qxb4 29.Nb5 Qc5
30.Qe2 g6 31.Qe3 Qxe3 32.fxe3 Bxe4 33.Bc2 Rxd1+ 34.Bxd1 Bd3 35.Bb3 h5 36.Kf2 h4
37.gxh4 Bxh2 38.Nc3 Be5 39.Na4 Bc7 40.Nb2 Be4 41.Na4 Kf8 42.Bd1 Ke7 43.h5 g5
44.Be2 f5 45.c5 bxc5 46.Nxc5 Bd5 47.Bd3 Bb6 48.Na4 Ba7 49.Nc3 Bc6 50.Bb5 Bb7
51.Ke2 g4 52.h6 Bf3+ 53.Kd3 Kf6 54.Ne2 Bb8 55.Bd7 g3 56.h7 Be4+ 57.Kd2 Kg7
58.Ke1 Bd5 59.Kf1 g2+ 60.Kg1 Ba7 61.Bxe6 Bxe3+ 62.Kh2 g1=Q+  0-1

[Event "SVK-ch"]
[Site "Nove Zamky"]
[Date "1999.07.06"]
[Round "4"]
[White "Balogh, Tomas"]
[Black "Pokorna, Regina"]
[Result "1/2-1/2"]
[WhiteElo "2447"]
[BlackElo "2198"]

1.d4 Nf6 2.c4 e6 3.Nc3 Bb4 4.Nf3 d5 5.Bg5 Nbd7 6.e3 c5 7.cxd5 exd5 8.Bd3 Qa5
9.Qc2 c4 10.Bf5 O-O 11.O-O Bxc3 12.bxc3 Re8 13.Nd2 g6 14.Bxd7 Nxd7 15.f3 Nb6
16.Rab1 Qa4 17.Qxa4 Nxa4 18.Rfc1 f6 19.Bh6 g5 20.Rb4 b5 21.Rxb5 Rxe3 22.Rxd5 Be6
23.Nxc4 Rxc3 24.Rxc3 Nxc3  1/2-1/2

[Event "Bydgoszcz Bank Pocztowy op"]
[Site "Bydgoszcz"]
[Date "1999.07.12"]
[Round "1"]
[White "Jaracz, Pawel"]
[Black "Szczechowicz, Bartosz"]
[Result "1/2-1/2"]
[WhiteElo "2477"]
[BlackElo "2249"]

1.d4 Nf6 2.c4 e6 3.Nc3 Bb4 4.Nf3 c5 5.g3 cxd4 6.Nxd4 a6 7.Bg2 O-O 8.O-O Be7
9.h3 Qc7 10.Qd3 d6 11.Rd1 Nbd7 12.b3 Ne5 13.Qe3 Bd7 14.Bb2 Rac8 15.Rd2 Qb8
16.a4 Rfe8 17.Nc2 Bf8 18.Ne4 Nxe4 19.Bxe4 Bc6 20.Nd4 Bxe4 21.Qxe4 Ng6 22.h4 Rc5
23.Nf3 d5 24.cxd5 exd5 25.Qd3 Qc8 26.h5 Nf4 27.gxf4 Qg4+ 28.Kh1 d4 29.Nh2 Qxf4
30.Rg1 Rxh5 31.Rg2 Bd6 32.Qg3 Qh6 33.Qxg7+ Qxg7 34.Rxg7+ Kxg7 35.Rxd4 Rxh2+
36.Kg1 Be5 37.Rg4+ Kf6 38.Bxe5+ Rxe5 39.Kxh2 Rxe2 40.Rb4 Rxf2+ 41.Kg3 Rb2
42.Rxb7 Kg7 43.a5 Kg6 44.Kf4 f6 45.b4 h5 46.Rb8 Rb3 47.Rg8+ Kf7 48.Rb8 Rb1
49.Kf5 Rf1+ 50.Ke4 h4 51.b5 axb5 52.Rxb5 Kg6 53.Rb8 Ra1 54.Ra8 h3 55.Rh8 Ra4+
56.Kf3 Rxa5 57.Kg3 Ra3+ 58.Kh2 Kf5 59.Rb8 Kf4 60.Rb4+ Kg5 61.Rc4 f5 62.Rb4 f4
63.Rb8 Rf3 64.Ra8 Rg3 65.Rb8 Kg4 66.Rg8+ Kf3 67.Ra8 Rg7  1/2-1/2

[Event "Komercni Banka op"]
[Site "Pardubice"]
[Date "1999.07.22"]
[Round "7"]
[White "Shtyrenkov, Veniamen"]
[Black "Berezjuk, Sergej"]
[Result "0-1"]
[WhiteElo "2503"]
[BlackElo "2354"]

1.d4 Nf6 2.c4 e6 3.Nc3 Bb4 4.Nf3 O-O 5.g3 d5 6.Bg2 dxc4 7.O-O Nc6 8.e3 Rb8
9.Qe2 b5 10.Rd1 Nd5 11.Nb1 Qe8 12.e4 Nb6 13.Nc3 a6 14.Bf4 Bd6 15.e5 Be7 16.Ng5 Nb4
17.Nce4 N6d5 18.Bd2 f5 19.exf6 gxf6 20.Nf3 Qf7 21.a3 Nc6 22.Re1 Bd7 23.Nc5 Bxc5
24.dxc5 e5 25.Qe4 Be6 26.Nh4 Rfe8 27.Nf5 Bxf5 28.Qxf5 Nd4 29.Qe4 c6 30.Rad1 Nb3
31.Be3 Rbd8 32.Rf1 Kh8 33.Rde1 a5 34.Qh4 a4 35.Be4 c3 36.bxc3 f5 37.Bg5 fxe4
38.Bxd8 Re6 39.Bb6 Nd2 40.Qd8+ Re8 41.Qd6 Nf3+ 42.Kg2 Nh4+ 43.Kh3 Qh5  0-1

[Event "Lippstadt"]
[Site "Lippstadt"]
[Date "1999.07.27"]
[Round "6"]
[White "Matthias, Heiner"]
[Black "Slobodjan, Roman"]
[Result "1/2-1/2"]
[WhiteElo "2399"]
[BlackElo "2550"]

1.d4 Nf6 2.c4 e6 3.Nc3 Bb4 4.Nf3 b6 5.Bg5 Bb7 6.e3 h6 7.Bh4 d6 8.Qa4+ Nc6
9.d5 Qd7 10.dxc6 Bxc3+ 11.bxc3 Bxc6 12.Qa3 g5 13.Bg3 e5 14.O-O-O Qe6 15.Nd2 Nd7
16.f3 f5 17.Bf2 h5 18.Bd3 a5 19.e4 f4 20.g3 O-O-O 21.Kb1 Rdf8 22.Ka1 g4 23.gxf4 exf4
24.c5 dxc5 25.Ba6+ Bb7 26.Bxb7+ Kxb7 27.Qb3 Qxb3 28.axb3 Ne5 29.Kb1 gxf3
30.Bh4 Rhg8 31.Rdf1 Rg4 32.Be1 Rd8 33.Nxf3 Rg2 34.Bh4 Nxf3 35.Bxd8 Nd2+ 36.Kc1 Nxb3+
37.Kb1 Nd2+ 38.Kc1 Nb3+ 39.Kb1 Nd2+ 40.Kc1  1/2-1/2

[Event "Aceimar op 6th"]
[Site "Mondariz Balneario"]
[Date "1999.07.28"]
[Round "2"]
[White "Ruiz de la Cuesta, Ramon"]
[Black "Hernandez, Roman"]
[Result "1/2-1/2"]
[WhiteElo "2158"]
[BlackElo "2425"]

1.d4 Nf6 2.Nf3 e6 3.c4 Bb4+ 4.Nc3 c5 5.d5 Bxc3+ 6.bxc3 d6 7.Bg5 e5 8.Nd2 Nbd7
9.f3 h6 10.Bh4 Nf8 11.Qc2 Qe7 12.e3 Ng6 13.Bf2 e4 14.Be2 exf3 15.gxf3 Ne5
16.Rg1 Kf8 17.a4 g5 18.h4 Rg8 19.hxg5 hxg5 20.O-O-O Bd7 21.Rdf1 Re8 22.Kb2 Qd8
23.Ra1 Bc8 24.Rg3 Qb6+ 25.Kc1 Bd7 26.Qd1 Qa5  1/2-1/2

[Event "Aceimar op 6th"]
[Site "Mondariz Balneario"]
[Date "1999.07.31"]
[Round "5"]
[White "Cruz Lopez Claret, Carlos"]
[Black "Mitkov, Nikola"]
[Result "0-1"]
[WhiteElo "2301"]
[BlackElo "2509"]

1.d4 Nf6 2.c4 e6 3.Nc3 Bb4 4.Nf3 d5 5.Bg5 h6 6.Bxf6 Qxf6 7.cxd5 exd5 8.Qb3 c5
9.dxc5 Bxc3+ 10.bxc3 Na6 11.Nd4 O-O 12.e3 Nxc5 13.Qxd5 b6 14.Qxa8 Bb7 15.Qxa7 Ra8
16.Qxa8+ Bxa8 17.f3 Qh4+ 18.g3 Qg5 19.Kf2 Bxf3 20.Rg1 Bb7  0-1

[Event "Chania op 9th"]
[Site "Chania"]
[Date "1999.08.05"]
[Round "3"]
[White "Nenashev, Alexander"]
[Black "Tzoumbas, Anastasios"]
[Result "1/2-1/2"]
[WhiteElo "2584"]
[BlackElo "2347"]

1.d4 Nf6 2.c4 e6 3.Nc3 Bb4 4.Nf3 c5 5.g3 cxd4 6.Nxd4 O-O 7.Bg2 d5 8.cxd5 Nxd5
9.Bd2 Bxc3 10.bxc3 Nc7 11.Rb1 e5 12.Nb3 Nca6 13.O-O Qc7 14.c4 Nc6 15.Be3 Bf5
16.Rb2 Rfd8 17.Qc1 Be6 18.Qc3 Rac8 19.Rc1 Rd7 20.Nd2 Rcd8 21.Rcb1 Nd4 22.Bxd4 exd4
23.Qa3 Qc5 24.Qxc5 Nxc5 25.Bxb7 Na4 26.Bc6 Nxb2 27.Bxd7 Nxc4 28.Bxe6 Nxd2
29.Rd1 fxe6 30.Rxd2 Kf7 31.Kg2 Kf6 32.Rd3 Rd5 33.Rf3+ Rf5 34.Ra3 a5 35.Ra4 Rd5
36.f4 g5 37.Kf3 gxf4 38.Kxf4 Rh5 39.Kf3 Rf5+ 40.Ke4 Rf2 41.h4 e5 42.Kd3 Rg2
43.Rxa5 Rxg3+ 44.Kd2 Rh3 45.Ra6+ Kf5 46.Rh6 Ra3 47.Rxh7 Rxa2+ 48.Ke1 e4 49.Rf7+ Ke5
50.h5 e3 51.Kf1 Ra6 52.Kg2 Rh6 53.Ra7 Kf4  1/2-1/2

[Event "MK Cafe Cup-A"]
[Site "Koszalin"]
[Date "1999.08.05"]
[Round "3"]
[White "Shishkin, Vadim"]
[Black "Hracek, Zbynek"]
[Result "0-1"]
[WhiteElo "2475"]
[BlackElo "2629"]

1.d4 Nf6 2.c4 e6 3.Nc3 Bb4 4.Nf3 c5 5.g3 cxd4 6.Nxd4 Ne4 7.Qc2 Qa5 8.Nb5 a6
9.Qxe4 axb5 10.Bd2 bxc4 11.Qxc4 Nc6 12.Bg2 d5 13.Qh4 O-O 14.O-O Qb6 15.b3 Qa5
16.a3 Bxc3 17.b4 Bxb4 18.axb4 Qxa1 19.Rxa1 Rxa1+ 20.Bf1 Rd1 21.Bc3 d4 22.Bb2 e5
23.f4 Ne7 24.Kf2 Nf5 25.Qh3 Ne3  0-1

[Event "MK Cafe Cup-A"]
[Site "Koszalin"]
[Date "1999.08.11"]
[Round "8"]
[White "Shishkin, Vadim"]
[Black "Gyimesi, Zoltan"]
[Result "1-0"]
[WhiteElo "2475"]
[BlackElo "2531"]

1.d4 Nf6 2.c4 e6 3.Nc3 Bb4 4.Nf3 c5 5.g3 cxd4 6.Nxd4 Ne4 7.Qd3 Bxc3+ 8.bxc3 Nc5
9.Qf3 d6 10.Bg2 Nbd7 11.O-O Ne5 12.Qf4 Bd7 13.Nb5 Bxb5 14.cxb5 Rc8 15.Rd1 O-O
16.Be3 Qe7 17.Qd4 Rfd8 18.h3 f6 19.f4 Nf7 20.Qb4 Rc7 21.a4 a5 22.bxa6 Nxa6
23.Qb3 Rdc8 24.c4 Nd8 25.Bb6 Rd7 26.a5 g6 27.Rab1 Kg7 28.e3 Nc6 29.Qa3 Ncb8
30.Rbc1 Nc5 31.Rd2 Nba6 32.Rcd1 Kf7 33.Bf3 f5 34.Kh2 Qf8 35.Rd4 Ke7 36.e4 fxe4
37.Bxe4 Nxe4 38.Rxe4 Kf7 39.Qe3 Qe8 40.Re1 Re7 41.f5 e5 42.fxg6+ hxg6 43.Qh6 Qg8
44.Rf1+ Ke8 45.Rg4 Re6 46.h4 Kd7 47.h5 Qh8 48.Rf7+ Kc6 49.Qd2  1-0

[Event "Budapest FS08 GM"]
[Site "Budapest"]
[Date "1999.08.18"]
[Round "12"]
[White "Lukacs, Peter"]
[Black "Hoang Th Trang"]
[Result "0-1"]
[WhiteElo "2475"]
[BlackElo "2453"]

1.d4 e6 2.c4 Nf6 3.Nc3 Bb4 4.Nf3 b6 5.Bg5 Bb7 6.e3 h6 7.Bh4 Bxc3+ 8.bxc3 Qe7
9.Bd3 d6 10.O-O Nbd7 11.Nd2 g5 12.Bg3 h5 13.f3 O-O-O 14.a4 h4 15.Bf2 Rdg8
16.h3 Nh5 17.a5 f5 18.axb6 axb6 19.Ra7 g4 20.fxg4 fxg4 21.hxg4 Ng3 22.Re1 Qg5
23.c5 Qxg4 24.Qxg4 Rxg4 25.Bb5 Nb8 26.cxd6 h3 27.gxh3 Rxh3 28.d7+ Nxd7 29.Bxd7+ Kxd7
30.Rxb7 Ne4+ 31.Kf1 Nxd2+ 32.Ke2 Ne4 33.Rg1 Nxf2 34.Kxf2 Rxg1 35.Kxg1 Rxe3  0-1

[Event "Abu Dhabi Masters op"]
[Site "Abu Dhabi"]
[Date "1999.08.23"]
[Round "3"]
[White "Barsov, Alexei"]
[Black "Lodhi, Mahmood"]
[Result "1/2-1/2"]
[WhiteElo "2539"]
[BlackElo "2431"]

1.d4 Nf6 2.c4 e6 3.Nc3 Bb4 4.Nf3 c5 5.g3 b6 6.dxc5 bxc5 7.Bg2 Bb7 8.O-O Bxc3
9.bxc3 O-O 10.Bf4 Qa5 11.Be5 Be4 12.Bxf6 gxf6 13.Qd2 Nc6 14.Qf4 Bxf3 15.Qxf3 f5
16.Qe3 Rac8 17.Rfd1 Qc7 18.Bxc6 Qxc6 19.Qg5+ Kh8 20.Qf6+ Kg8 21.Qg5+ Kh8
22.Qe7 Qe4 23.Qf6+ Kg8 24.Qg5+ Kh8 25.Qf6+ Kg8 26.Rxd7 Qxe2 27.Qg5+ Kh8 28.Qf6+ Kg8
29.Rb1 Qh5 30.Rbb7 Qg6 31.Qe5 a6 32.a4 Rc6 33.a5 Qg7 34.Qe3 Qf6 35.Kg2 Rcc8
36.h4 Rcd8 37.Rdc7 Rc8 38.Rd7 Rfd8 39.Rxf7 Qxf7 40.Rxf7 Kxf7 41.Qh6 Rh8 42.Qh5+ Kf6
43.Qg5+ Kf7 44.Kf3 h5 45.Ke3 Rh7 46.Qf4 Ke7 47.Qe5 Rhh8 48.Qg7+ Kd6 49.Qb7 Rc6
50.Kf4 Rg8 51.f3 e5+ 52.Kxf5 Rxg3 53.Qb8+ Kd7 54.Qb7+ Kd6 55.Ke4 Rh3 56.Qb8+ Kd7
57.Kxe5 Re6+ 58.Kd5 Rf6 59.Qb7+ Kd8 60.Kxc5 Rhxf3 61.Qb8+ Kd7 62.Qb7+ Kd8
63.Kb4 R3f5 64.Qb8+ Kd7 65.Qb7+ Kd8 66.c5 Rf4+ 67.c4 Rf1 68.Qb8+ Kd7 69.Qb7+ Kd8
70.Qd5+ Kc7 71.Qxh5 R1f3 72.Qe5+ Kd7 73.h5 R3f4 74.Kc3  1/2-1/2

[Event "London MSO Masters"]
[Site "London"]
[Date "1999.08.23"]
[Round "3"]
[White "Roiz, Michael"]
[Black "Cherniaev, Alexander"]
[Result "1-0"]
[WhiteElo "2383"]
[BlackElo "2432"]

1.d4 Nf6 2.c4 e6 3.Nc3 Bb4 4.Nf3 b6 5.Qb3 c5 6.Bg5 h6 7.Bh4 d6 8.O-O-O Bxc3
9.Qxc3 Nbd7 10.e3 Bb7 11.Bd3 Qc7 12.dxc5 bxc5 13.Bc2 O-O 14.Bg3 e5 15.Nh4 Ne4
16.Qd3 Ndf6 17.f3 Nxg3 18.hxg3 d5 19.Nf5 e4 20.Qc3 d4 21.exd4 cxd4 22.Qxd4 exf3
23.Nxh6+ gxh6 24.Qxf6 Qb6 25.Bh7+  1-0

[Event "BIH-chT"]
[Site "Bihac"]
[Date "1999.08.24"]
[Round "4"]
[White "Ribli, Zoltan"]
[Black "Fercec, Nenad"]
[Result "1/2-1/2"]
[WhiteElo "2586"]
[BlackElo "2476"]

1.Nf3 Nf6 2.c4 e6 3.Nc3 Bb4 4.d4 b6 5.Bg5 Bb7 6.e3 h6 7.Bh4 g5 8.Bg3 Ne4
9.Qc2 f5 10.Bd3 Bxc3+ 11.bxc3 d6 12.d5 exd5 13.cxd5 Bxd5 14.Nd4 Qf6 15.f3 Nc5
16.Bxf5 Nbd7 17.O-O-O O-O-O 18.Nb5 Be6 19.Be4 Ne5 20.Bxe5 Qxe5 21.Nxa7+ Kd7
22.Nc6 Qxe4 23.fxe4 Kxc6 24.Rhf1 Ra8 25.Rd5 Bxd5 26.exd5+ Kb7 27.Rf7 Rhf8
28.Rf3 g4 29.Rf4 Rfe8 30.e4 h5 31.Kb1 Ra4 32.g3 Re5  1/2-1/2

[Event "ESP-ch"]
[Site "Palencia"]
[Date "1999.08.24"]
[Round "6"]
[White "San Segundo, Pablo"]
[Black "Rojo Huerta, Gabriel"]
[Result "0-1"]
[WhiteElo "2510"]
[BlackElo "2384"]

1.d4 Nf6 2.Nf3 e6 3.c4 Bb4+ 4.Nc3 c5 5.g3 cxd4 6.Nxd4 O-O 7.Bg2 d5 8.cxd5 Nxd5
9.Bd2 Bxc3 10.bxc3 e5 11.Nb5 a6 12.c4 Nf4 13.gxf4 axb5 14.cxb5 exf4 15.Bb4 Qxd1+
16.Rxd1 Re8 17.a3 Nd7 18.Rd4 Ne5 19.O-O Bg4 20.Bxb7 Rab8 21.f3 Bh3 22.Ba6 Rb6
23.Kf2 Bxf1 24.Kxf1 g5 25.h4 gxh4 26.Rxf4 Ng6 27.Rf5 h3 28.Bc5 h2 29.Rh5 Re5  0-1

[Event "ESP-ch"]
[Site "Palencia"]
[Date "1999.08.24"]
[Round "6"]
[White "Franco Ocampos, F."]
[Black "Vehi Bach, Victor Manuel"]
[Result "1-0"]
[WhiteElo "2474"]
[BlackElo "2389"]

1.d4 Nf6 2.Nf3 e6 3.c4 Bb4+ 4.Nc3 c5 5.e3 O-O 6.Bd3 d5 7.O-O Nc6 8.a3 Bxc3
9.bxc3 Qc7 10.cxd5 exd5 11.a4 Re8 12.Ba3 c4 13.Bc2 Ne4 14.Qe1 f5 15.Nh4 f4
16.exf4 Qxf4 17.f3 Nf6 18.Bc1 Rxe1 19.Bxf4 Rxa1 20.Rxa1 b6 21.g4 Bd7 22.Nf5 Re8
23.Kf2 Na5 24.Be5 Nc6 25.Bd6 Kf7 26.Ba3 Bxf5 27.Bxf5 g6 28.Bc2 Re6 29.Bc1 Ne7
30.Rb1 Nc8 31.h3 Nd6 32.Bf4 Nc8 33.Rg1 Ne7 34.Rb1 Nc8 35.Be5 Nd7 36.Bc7 Rc6
37.Bg3 Re6 38.a5 a6 39.axb6 Rxb6 40.Rxb6 Ndxb6 41.Bc7 Kf6 42.h4 Nd7 43.Ke3 Na7
44.Kd2 Nb5 45.Ba5 Kf7 46.Kc1 Kf6 47.Kb2 Kf7 48.Bd8 Nb8 49.Bg5 Nc6 50.Bf4 Ne7
51.Be5 Nc6 52.f4 Nxe5 53.fxe5 Nc7 54.Ka3 Ne6 55.Kb4 Nf4 56.Kc5 Ke6 57.g5 Ne2
58.h5 Nf4 59.h6 Nh3 60.Bd1 Nf2 61.Bf3 Nd3+ 62.Kc6 Nf4 63.Bg4+ Ke7 64.Kb6 Nd3
65.Kxa6 Nf2 66.Bf5 Ne4 67.Bxg6 Nxg5 68.Bf5  1-0

[Event "ESP-ch"]
[Site "Palencia"]
[Date "1999.08.25"]
[Round "7"]
[White "Palacios Perez, Manuel"]
[Black "Lopez Martinez, Jose Manuel"]
[Result "0-1"]
[WhiteElo "2129"]
[BlackElo "2378"]

1.d4 e6 2.c4 Nf6 3.Nc3 Bb4 4.Nf3 c5 5.e3 O-O 6.Bd3 cxd4 7.exd4 d5 8.cxd5 Nxd5
9.Bd2 Nc6 10.O-O Be7 11.Qe2 Ndb4 12.Be4 Bf6 13.a3 Nd5 14.Qd3 g6 15.Bh6 Re8
16.Rad1 Qd6 17.Nb5 Qd8 18.Rfe1 Nce7 19.Ne5 Nf5 20.Ng4 a6 21.Bxf5 gxf5 22.Nxf6+ Qxf6
23.Nd6 Rd8  0-1

[Event "ESP-ch"]
[Site "Palencia"]
[Date "1999.08.25"]
[Round "7"]
[White "Rojo Huerta, Gabriel"]
[Black "Franco Ocampos, F."]
[Result "1/2-1/2"]
[WhiteElo "2384"]
[BlackElo "2474"]

1.d4 Nf6 2.c4 e6 3.Nc3 Bb4 4.Nf3 c5 5.g3 Nc6 6.Bg2 Ne4 7.Bd2 Nxd2 8.Qxd2 cxd4
9.Nxd4 Ne5 10.b3 Qa5 11.Rc1 O-O 12.O-O a6 13.Qe3 Ng4 14.Qd3 Nf6 15.Rfd1 Rb8
16.a4 Be7 17.Nc2 Rd8 18.b4 Bxb4 19.Nxb4 Qxb4 20.Rb1 Qa5 21.Qd6 Ra8 22.Qb6 Qxb6
23.Rxb6 a5 24.c5 Ra6 25.Rdb1 d5 26.cxd6 Rxd6 27.Rxa6 Rxa6 28.Bxb7 Bxb7 29.Rxb7 g6
30.Nb5 Kg7 31.f3 g5 32.e4 Kg6 33.Kf2 Rc6 34.Rc7 Rxc7 35.Nxc7 g4 36.Nb5 gxf3
37.Kxf3 Nd7 38.Nd6 Nc5  1/2-1/2

[Event "USA-ch sf1"]
[Site "Salt Lake City"]
[Date "1999.08.25"]
[Round "3"]
[White "Gulko, Boris F"]
[Black "Seirawan, Yasser"]
[Result "1/2-1/2"]
[WhiteElo "2618"]
[BlackElo "2653"]

1.d4 Nf6 2.c4 e6 3.Nc3 Bb4 4.Nf3 c5 5.g3 b6 6.Bg2 Bb7 7.O-O cxd4 8.Qxd4 Nc6
9.Qd3 O-O 10.Bd2 Rc8 11.Rac1 Ba6 12.Nb5 Bxd2 13.Nxd2 d5 14.cxd5  1/2-1/2

[Event "ESP-ch"]
[Site "Palencia"]
[Date "1999.08.26"]
[Round "8"]
[White "Candela Perez, Jose"]
[Black "Vehi Bach, Victor Manuel"]
[Result "0-1"]
[WhiteElo "2417"]
[BlackElo "2389"]

1.d4 Nf6 2.c4 e6 3.Nc3 Bb4 4.Nf3 b6 5.Bg5 h6 6.Bh4 Bb7 7.Qd3 d6 8.Nd2 Nbd7
9.a3 Bxc3 10.Qxc3 g5 11.Bg3 Nh5 12.e4 Nxg3 13.fxg3 Qf6 14.Rc1 c5 15.d5 O-O
16.Be2 Qxc3 17.Rxc3 exd5 18.exd5 Rae8 19.Kd1 Kg7 20.Bd3 Nf6 21.Bf5 Re5 22.Rf3 b5
23.b3 bxc4 24.bxc4 Ba6 25.Kc1 Rfe8 26.Bd3 Ng4 27.Kc2 Re1 28.Rxe1 Rxe1 29.h3 Ne5
30.Rf2 Re3 31.Be2 Rxa3 32.Kb2 Re3 33.Kc2 f6 34.Nf1 Ra3 35.Kb2 Ra4 36.Ne3 Bxc4
37.Nf5+ Kg6 38.Bxc4 Rxc4 39.Kb3 Rb4+ 40.Kc3 Rb6 41.g4 c4 42.Ra2 a6 43.Ne7+ Kg7
44.Nc8 Rb3+ 45.Kd4 Rd3+ 46.Ke4 Nd7 47.Ne7 Kf7  0-1

[Event "ESP-ch"]
[Site "Palencia"]
[Date "1999.08.26"]
[Round "8"]
[White "Palacios Perez, Manuel"]
[Black "Cardenas Valero, Joaquin"]
[Result "1-0"]
[WhiteElo "2129"]
[BlackElo "2252"]

1.d4 Nf6 2.c4 e6 3.Nc3 Bb4 4.Nf3 c5 5.e3 O-O 6.Bd3 d5 7.O-O cxd4 8.exd4 dxc4
9.Bxc4 Qc7 10.Qe2 Bxc3 11.bxc3 h6 12.Bg5 Nd5 13.Rac1 a6 14.Bxd5 exd5 15.Bh4 Be6
16.Bg3 Qa5 17.Ne5 Nd7 18.f4 Nxe5 19.dxe5 Bf5 20.Bf2 Qb5 21.Qh5 Bg6 22.Qg4 Qd3
23.Bd4 Bf5 24.Qh4 Rfe8 25.Rce1 Re6 26.Re3 Qc2 27.g3 Qxa2 28.g4 Be4 29.Qg3 Rc6
30.f5 b5 31.Rfe1 a5 32.R3e2 Qa3 33.e6 f6 34.h4 Qd6 35.Qe3 Rc4 36.g5 Kh7 37.Rf2 Rxd4
38.cxd4 a4 39.Rf4 a3 40.Qg3 Rg8 41.Kf2 a2 42.g6+ Kh8 43.Rfxe4 Qxg3+ 44.Kxg3 dxe4
45.Ra1 Ra8 46.e7 b4 47.Rxa2  1-0

[Event "Coulsden op"]
[Site "Coulsden"]
[Date "1999.09.01"]
[Round "4"]
[White "Buckley, Graeme"]
[Black "Crouch, Colin S"]
[Result "1-0"]
[WhiteElo "2320"]
[BlackElo "2423"]

1.d4 Nf6 2.c4 e6 3.Nc3 Bb4 4.Nf3 b6 5.Bg5 Bb7 6.e3 h6 7.Bh4 Bxc3+ 8.bxc3 d6
9.Nd2 Qe7 10.f3 e5 11.Be2 Nbd7 12.e4 Nf8 13.Bf2 Ng6 14.g3 O-O 15.h4 Rfd8
16.h5 Nf8 17.Nf1 c6 18.d5 Qc7 19.Qd2 a6 20.Ne3 b5 21.Nf5 bxc4 22.Be3 Bc8
23.Nxg7 cxd5 24.exd5 Qa5 25.Bxh6 Qxd5 26.Qg5 N8h7 27.Ne8+  1-0